New horizons in systemic practice with children and families / (Record no. 51308)

MARC details
000 -LEADER
fixed length control field 00595nam a2200205Ia 4500
005 - DATE AND TIME OF LATEST TRANSACTION
control field 20260429111907.0
008 - FIXED-LENGTH DATA ELEMENTS--GENERAL INFORMATION
fixed length control field 260429s9999||||xx |||||||||||||| ||und||
020 ## - INTERNATIONAL STANDARD BOOK NUMBER
International Standard Book Number 9783031381102
041 ## - LANGUAGE CODE
Language English
082 ## - DEWEY DECIMAL CLASSIFICATION NUMBER
Classification number 306.8
Item number MYR
100 ## - MAIN ENTRY--PERSONAL NAME
Personal name Myra, Siv Merete
245 #0 - TITLE STATEMENT
Title New horizons in systemic practice with children and families /
Statement of responsibility, etc Siv Merete Myra
260 ## - PUBLICATION, DISTRIBUTION, ETC. (IMPRINT)
Place of publication, distribution, etc Switzerland :
Name of publisher, distributor, etc Springer,
Date of publication, distribution, etc 2024.
300 ## - PHYSICAL DESCRIPTION
Extent xiv, 203 p.; pbk
440 ## - SERIES STATEMENT/ADDED ENTRY--TITLE
Title Palgrave texts in counselling and psychotherapy
650 ## - SUBJECT ADDED ENTRY--TOPICAL TERM
Topical term or geographic name as entry element Family
700 ## - ADDED ENTRY--PERSONAL NAME
Personal name Axberg, Ulf
700 ## - ADDED ENTRY--PERSONAL NAME
Personal name Grover, Tone
942 ## - ADDED ENTRY ELEMENTS (KOHA)
Koha item type Text Books
Holdings
Withdrawn status Lost status Damaged status Not for loan Collection code Home library Location Shelving location Date of Cataloging Source of acquisition Total Checkouts Full call number Barcode Date last seen Price effective from Koha item type
        Non-fiction CUTN Central Library CUTN Central Library Social Sciences 29/04/2026 Shanti Books, Chennai - Invoice No. 3099 on 09-02-2026   306.8 MYR 56249 29/04/2026 29/04/2026 Text Books